Normal view
MARC view
- Muhammad Umar Sajjad
Entry Personal Name
001 - CONTROL NUMBER
- control field: 83998
003 - CONTROL NUMBER IDENTIFIER
- control field: NUST
005 - DATE AND TIME OF LATEST TRANSACTION
- control field: 20211112121016.0
008 - FIXED-LENGTH DATA ELEMENTS
- fixed length control field: 211112|| aca||aabn | a|a d
040 ## - CATALOGING SOURCE
- Original cataloging agency: NUST
- Transcribing agency: NUST
100 ## - HEADING--PERSONAL NAME
- Personal name: Muhammad Umar Sajjad
670 ## - SOURCE DATA FOUND
- Source citation: Work cat.: (NUST): Muhammad Umar Sajjad, TH-SOF-1920-Framework for Software Testing Data Using Correlation Coefficient and Apriori Algorithm, 2021.
